|
|
|
|
| LEADER |
00000nab a2200000uu 4500 |
| 001 |
vtls011455203 |
| 003 |
SK-MaSNL |
| 005 |
20260303113437.0 |
| 008 |
230121|1973 xo |||||||||||||||||cze| |
| 015 |
|
|
|a SNBRB
|
| 035 |
|
|
|a (urnnbn)urn:nbn:sk:snk:ar-008lt0
|
| 035 |
|
|
|a (uuid)00af43f4-e1d7-4158-bf64-9358342d3cd5
|
| 035 |
|
|
|a urn:nbn:sk:snk-abcqay
|
| 040 |
|
|
|a SNKBUCL
|b slo
|c SNKBUCL
|e AACR2
|
| 041 |
0 |
|
|a cze
|
| 044 |
|
|
|a xo
|c SK
|
| 100 |
1 |
|
|a Rasocha, Vlastimil
|4 aut
|9 969527
|
| 245 |
1 |
0 |
|a Vliv ošetření Elocronem 50 WP na snížení populační hustoty mandelinky bramborové a snížení škod požerem
|c Vlastimil Rasocha, Jozef Beránek, Marie Rasochová
|
| 700 |
1 |
|
|a Beránek, Jozef
|4 aut
|9 1127124
|
| 700 |
1 |
|
|a Rasochová, Marie
|4 aut
|9 1127125
|
| 773 |
0 |
|
|t Agrochémia : časopis pre chemizáciu poľnohospodárstva
|g Roč. 13, č. 12 (1973), s. 347-349
|
| 954 |
|
|
|a odborná, vedecká literatúra cudzojazyčná (svetová)
|2 lita
|
| 958 |
|
|
|a OND
|
| 958 |
|
|
|a EUIPO
|
| 958 |
|
|
|a article16
|
| 999 |
|
|
|c 1892639
|d 1894569
|